000 00736nam a2200241 i 4500
001 C2-0277673
003 PPAK
005 20180728005626.0
008 070123s1996 my a|||| ||||| | may d
040 _aPPAK
_beng
_cPPAK
_erda
082 0 4 _a523.1
_223
090 0 0 _a523.1
_bEZR
_dKK
100 0 _aEzrin Arbi,
_eauthor
245 1 0 _aKosmologi dalam senibina asli di Kepulauan Melayu
264 1 _aKuala Lumpur :
_bBalai Seni Lukis Negara ,
_c1996
300 _a17 pages :
_billustrations ;
_c30 cm
336 _2rdacontent
_atext
337 _2rdamedia
_aunmediated
338 _2rdacarrier
_avolume
500 _aSeminar Seni Dan Kosmologi : Kosmologi Islam dalam Kesenian Melayu
650 1 0 _aCosmology in art
942 _ddc
_cB
999 _c84825
_d84825